Rheological properties of rubber-carbon black and carbon black oil compounds including measurements at very low shear stresses (Record no. 67073)

MARC details
000 -LEADER
fixed length control field 00442nam a2200133Ia 4500
100 ## - MAIN ENTRY--AUTHOR NAME
Personal name Osanaiye Gabriel J
245 #0 - TITLE STATEMENT
Title Rheological properties of rubber-carbon black and carbon black oil compounds including measurements at very low shear stresses
260 ## - PUBLICATION, DISTRIBUTION, ETC. (IMPRINT)
Name of publisher Rubber Chemistry and Technology
Year of publication 1995
300 ## - PHYSICAL DESCRIPTION
Number of Pages 50-58
700 ## - ADDED ENTRY--PERSONAL NAME
Personal name Leonov Arkadii
700 ## - ADDED ENTRY--PERSONAL NAME
Personal name White James L
942 ## - ADDED ENTRY ELEMENTS (KOHA)
Koha item type Journals
Holdings
Withdrawn status Lost status Damaged status Not for loan Home library Current library Shelving location Date acquired Serial Enumeration / chronology Koha item type
      Journals RRII Library RRII Library Rubber chemistry 16/10/1995 Volume 68, Issue 1 Journals